| 000 | 00635nam a2200169 i 4500 | ||
|---|---|---|---|
| 001 | 24874 | ||
| 003 | ES-MaACL | ||
| 005 | 20230906153142.0 | ||
| 007 | t| | ||
| 008 | 021219s1889 sp ||||1| spa d | ||
| 245 | 0 | 0 |
_aAntología de poetas líricos italianos _b: traducidos en verso castellanos (1200-1889) / _cobra recogida, ordenada, anotada y parte traducida por Juan Luis Estelrich. |
| 260 |
_aPalma de Mallorca : _b[s.n., _c1889] ( _fEscuela Tipográfica Provincial) |
||
| 300 |
_aXXVIII, 884 p. ; _c22 cm. |
||
| 700 | 1 |
_aEstelrich, Juan Luis, _d1856-1923 _9151748 |
|
| 852 |
_aES-MaACL _jF-11540 |
||
| 999 |
_c24874 _d24874 |
||